| 000 | 004760000a22001090004500 | ||
|---|---|---|---|
| 245 | 1 | 0 | _aAppendix: The theme of kingdom of God in international ecumenical dialogue |
| 300 | _aVol.57, núm.2 (2007), Páginas 197-205 | ||
| 520 | _aI. Afirmaciones básicas, II. Reino y Iglesia, III. Reino y Mundo/Creación, IV. Implicaciones de Reino de Iglesia/Mundo relaciones V. Declaraciones de diferentes perspectivas | ||
| 650 | 1 | 4 | _aREINO DE DIOS |
| 773 | 0 | _tReformed World | |
| 942 | _cANA | ||
| 999 |
_c62688 _d62688 |
||